000 00634nam a2200193Ia 4500
008 151121s9999||||xx |||||||||||||| ||und||
082 _a812/साठे
082 _bHNW-16662
100 _aसाठे शं।गो।
245 _aस्वप्नीचे हे धन
260 _b"पॉप्युलर बुक डेपो, मुंबई।"
260 _c--
300 _a78
600 _aसाठे शं।गो।
630 _aस्वप्नीचे हे धन
700 _aसाठे शं।गो।
730 _aस्वप्नीचे हे धन
942 _cBOOK
999 _c1219409
_d1219406